Gaming Quiz

Random Gaming or Pokémon Quiz

Flying Type Pokémon (Gen 1) Quiz Stats

 Plays Quiz Updated Jun 26, 2017

Support Sporcle.
Go Orange.
Score 0/19 Timer 03:00
0 Plays Today
Pokémon % Correct
Pidgey
96.4%
Pidgeot
94.8%
Pidgeotto
93%
Spearow
87.3%
Fearow
86.5%
Charizard
85.8%
Zapdos
84.6%
Articuno
84.3%
Moltres
83.6%
Butterfree
83.1%
Pokémon % Correct
Dragonite
78.5%
Farfetch'd
58.6%
Doduo
58.6%
Aerodactyl
58.3%
Dodrio
57.3%
Zubat
56%
Golbat
54.8%
Gyarados
51.5%
Scyther
48.8%

You're not logged in!

Compare scores with friends on all Sporcle quizzes.
OR
Log In
Forgot?

From the Vault

Film-Bashing Actors

by Puzzgal

These actors are so bad at criticizing themselves....actually, they're pretty funny.
Remove Ads.
Support Sporcle.
Get the best of Sporcle when you Go Orange. This ad-free experience offers more features, more stats, and more fun while also helping to support Sporcle. Thank you for becoming a member.

Show Comments

Extras

Top Quizzes Today


Score Distribution

Your Account Isn't Verified!

In order to create a playlist on Sporcle, you need to verify the email address you used during registration. Go to your Sporcle Settings to finish the process.

Report this User

Report this user for behavior that violates our Community Guidelines.

Details: